| 000 | 00866nam a2200181 a 4500 | ||
|---|---|---|---|
| 008 | 161026s2003 ||||||||||||||||| || u | ||
| 020 | _a9982-26-025-1 | ||
| 050 | _aCOMESA(02)2003/8 | ||
| 110 | _aCommon Market for Eastern and Southern Africa (COMESA) | ||
| 245 | 1 | 0 |
_aRegional workshop for trade negotiators on the Doha Development Agenda report _cby Common Market for Eastern and Southern Africa [COMESA] |
| 260 |
_aLusaka: _bCommon Market for Eastern and Southern Africa (COMESA) _c2003 |
||
| 300 | _a85p. :ill. | ||
| 650 | _aDOHA DEVELOPMENT AGENDA (2001) | ||
| 650 | _aAFRICA--COMMERCE | ||
| 650 | _aCOMMON MARKET FOR EASTERN AND SOUTHERN AFRICA | ||
| 650 | _aSOUTHERN AFRICAN DEVELOPMENT COMMUNITY--CONGRESSES | ||
| 995 |
_FCBU-MAIN LIBRARY (Kitwe) _M1 _UAVAILABLE _WOct 27, 2016 _ZInternational Publications |
||
| 999 |
_c55935 _d55935 |
||